Tennis - Le top 20 du classement ATP au 1er janvier 2008 - Statistiques

Statistiques générales
  • Ce quiz a été pris 16 fois
  • Le résultat moyen est 10 sur 20
Statistiques - réponses
Rang Joueur Pays Âge Points % Correct
3 Novak Djokovic Serbie 20 4 470
100%
2 Rafael Nadal Espagne 21 5 735
100%
1 Roger Federer Suisse 26 7 180
100%
11 Andy Murray Royaume-Uni 20 1 755
88%
5 David Ferrer Espagne 25 2 750
81%
6 Andy Roddick États-Unis 25 2 530
69%
8 Richard Gasquet France 21 1 930
69%
9 David Nalbandian Argentine 26 1 775
50%
14 Tomas Berdych Tchéquie 22 1 685
50%
16 Marcos Baghdatis Chypre 22 1 600
44%
12 Tommy Haas Allemagne 29 1 720
44%
4 Nikolay Davydenko Russie 26 2 825
38%
10 Tommy Robredo Espagne 25 1 765
38%
7 Fernando Gonzalez Chili 27 2 005
25%
18 Ivan Ljubicic Croatie 28 1 580
25%
13 James Blake États-Unis 28 1 710
25%
19 Mikhail Youzhny Russie 25 1 570
25%
17 Carlos Moya Espagne 31 1 585
6%
15 Guillermo Canas Argentine 30 1 653
6%
20 Juan Ignacio Chela Argentine 28 1 425
6%
Aucun quiz correspondant
Distribution des résultats
% des personnes avec chaque résultat
Percentile par nombre de réponses
Votre historique - résultats
Vous n’avez pas pris ce quiz